Đứa con của cát Thơ
v...v
Đã lưu trong:
| Tác giả chính: | |
|---|---|
| Định dạng: | Sách |
| Năm xuất bản: |
Quảng Bình
Sở văn hóa thông tin
1998
|
| Chủ đề: | |
| Tags: |
Thêm thẻ
Không có thẻ, Hãy là người đầu tiên gắn thẻ bản ghi này!
|
| LEADER | 02355nam a2200289 4500 | ||
|---|---|---|---|
| 082 | |a 895.922134 |b V114T | ||
| 100 | |a Ngô Minh | ||
| 245 | |a Đứa con của cát |c Ngô Minh |b Thơ | ||
| 260 | |a Quảng Bình |b Sở văn hóa thông tin |c 1998 | ||
| 300 | |a 64 tr. |c 19 cm | ||
| 520 | |a v...v | ||
| 653 | |a Văn học hiện đại | ||
| 653 | |a Thế kỷ XX | ||
| 653 | |a Việt Nam | ||
| 653 | |a Thơ | ||
| 942 | |2 ddc |c STK0 | ||
| 999 | |c 4487 |d 4487 | ||
| 952 | |0 0 |1 0 |2 ddc |4 0 |6 895_922134000000000_V114T |7 0 |8 800 |9 43791 |a qbu |b qbu |c D5 |d 2014-12-19 |g 12000 |o 895.922134 V114T |p 3913.C1 |r 0000-00-00 |w 2014-12-19 |y STK0 |0 0 |6 895_922134000000000_V114T | ||
| 952 | |0 0 |1 0 |2 ddc |4 0 |6 895_922134000000000_V114T |7 0 |8 800 |9 43792 |a qbu |b qbu |c D5 |d 2014-12-19 |g 12000 |o 895.922134 V114T |p 3913.C2 |r 0000-00-00 |w 2014-12-19 |y STK0 |0 0 |6 895_922134000000000_V114T | ||
| 952 | |0 0 |1 0 |2 ddc |4 0 |6 895_922134000000000_V114T |7 0 |8 800 |9 43793 |a qbu |b qbu |c D5 |d 2014-12-19 |g 12000 |o 895.922134 V114T |p 3913.C3 |r 0000-00-00 |w 2014-12-19 |y STK0 |0 0 |6 895_922134000000000_V114T | ||
| 952 | |0 0 |1 0 |2 ddc |4 0 |6 895_922134000000000_V114T |7 0 |8 800 |9 43794 |a qbu |b qbu |c D5 |d 2014-12-19 |g 12000 |l 1 |o 895.922134 V114T |p 3913.C4 |r 2018-05-31 |s 2018-05-31 |w 2014-12-19 |y STK0 |0 0 |6 895_922134000000000_V114T | ||
| 952 | |0 0 |1 0 |2 ddc |4 0 |6 895_922134000000000_V114T |7 0 |8 800 |9 43795 |a qbu |b qbu |c D5 |d 2014-12-19 |g 12000 |o 895.922134 V114T |p 3913.C5 |r 0000-00-00 |w 2014-12-19 |y STK0 |0 0 |6 895_922134000000000_V114T | ||
| 952 | |0 0 |1 0 |2 ddc |4 0 |6 895_922134000000000_V114T |7 0 |8 800 |9 43796 |a qbu |b qbu |c D5 |d 2014-12-19 |g 12000 |o 895.922134 V114T |p 3913.C6 |r 0000-00-00 |w 2014-12-19 |y STK0 |0 0 |6 895_922134000000000_V114T | ||
| 952 | |0 0 |1 0 |2 ddc |4 0 |6 895_922134000000000_V114T |7 0 |8 800 |9 43797 |a qbu |b qbu |c D5 |d 2014-12-19 |g 12000 |o 895.922134 V114T |p 3913.C7 |r 0000-00-00 |w 2014-12-19 |y STK0 |0 0 |6 895_922134000000000_V114T | ||
| 952 | |0 0 |1 0 |2 ddc |4 0 |6 895_922134000000000_V114T |7 0 |8 800 |9 43798 |a qbu |b qbu |c D5 |d 2014-12-19 |g 12000 |o 895.922134 V114T |p 3913.C8 |r 0000-00-00 |w 2014-12-19 |y STK0 |0 0 |6 895_922134000000000_V114T | ||
| 952 | |0 0 |1 0 |2 ddc |4 0 |6 895_922134000000000_V114T |7 0 |8 800 |9 43799 |a qbu |b qbu |c D5 |d 2014-12-19 |g 12000 |o 895.922134 V114T |p 3913.C9 |r 0000-00-00 |w 2014-12-19 |y STK0 |0 0 |6 895_922134000000000_V114T | ||
| 952 | |0 0 |1 0 |2 ddc |4 0 |6 895_922134000000000_V114T |7 0 |8 800 |9 43800 |a qbu |b qbu |c D5 |d 2014-12-19 |g 12000 |o 895.922134 V114T |p 3913.C10 |r 0000-00-00 |w 2014-12-19 |y STK0 |0 0 |6 895_922134000000000_V114T | ||